|
|
|
|
| LEADER |
02345nam a2200577 a 4500 |
| 001 |
nkc20091851333 |
| 003 |
CZ PrNK |
| 005 |
20100930153243.0 |
| 007 |
ta |
| 008 |
090202s2008 xr abc e c 000 0 cze |
| 015 |
|
|
|a cnb001851333
|
| 020 |
|
|
|a 978-80-85081-26-8
|q (Muzeum T.G.M. Rakovník ;
|q brož.)
|
| 035 |
|
|
|a (OCoLC)320221083
|
| 040 |
|
|
|a ABA001
|b cze
|d OLA001
|
| 041 |
1 |
|
|a cze
|a eng
|h cze
|
| 043 |
|
|
|a e-xr---
|b e-xr-st
|2 czenas
|
| 072 |
|
7 |
|a 903
|x Pravěk
|2 Konspekt
|9 8
|
| 080 |
|
|
|a (=15)
|2 MRF
|
| 080 |
|
|
|a 316.72/.75
|2 MRF
|
| 080 |
|
|
|a 903"6387"
|2 MRF
|
| 080 |
|
|
|a 902.2
|2 MRF
|
| 080 |
|
|
|a 903.2
|2 MRF
|
| 080 |
|
|
|a (437.312)
|2 MRF
|
| 080 |
|
|
|a (083.824)
|2 MRF
|
| 100 |
1 |
|
|a Venclová, Natalie,
|d 1945-
|7 kup19950000106640
|4 aut
|
| 245 |
1 |
0 |
|a Keltové na Rakovnicku :
|b průvodce výstavou = The Celts around Rakovník : exhibition guide /
|c [autorka odborných textů] Natalie Venclová ; [realizace výstavy a redakce] Kateřina Blažková, Jana Lomecká
|
| 246 |
3 |
1 |
|a Celts around Rakovník
|
| 250 |
|
|
|a 1. vyd.
|
| 260 |
|
|
|a Rakovník :
|b Musejní spolek královského města Rakovníka a okresu rakovnického :
|b Muzeum T.G.M. Rakovník,
|c 2008
|
| 300 |
|
|
|a 39 s. :
|b il. (některé barev.), mapy, portréty ;
|c 30 cm
|
| 504 |
|
|
|a Obsahuje bibliografii
|
| 546 |
|
|
|a Souběžný anglický text
|
| 650 |
0 |
7 |
|a Keltové
|7 ph117669
|z Česko
|2 czenas
|
| 650 |
0 |
7 |
|a kultura a společnost
|7 ph122010
|z Česko
|y doba laténská
|2 czenas
|
| 650 |
0 |
7 |
|a archeologické výzkumy
|7 ph118577
|z Česko
|2 czenas
|
| 650 |
0 |
7 |
|a archeologické nálezy
|7 ph137683
|z Česko
|2 czenas
|
| 650 |
0 |
9 |
|a Celts
|z Czechia
|2 eczenas
|
| 650 |
0 |
9 |
|a culture and society
|z Czechia
|y La Tène period
|2 eczenas
|
| 650 |
0 |
9 |
|a excavations (archaeology)
|z Czechia
|2 eczenas
|
| 650 |
0 |
9 |
|a antiquities
|z Czechia
|2 eczenas
|
| 651 |
|
7 |
|a Rakovník (Česko : oblast)
|7 ge130618
|2 czenas
|
| 651 |
|
9 |
|a Rakovník Region (Czechia)
|2 eczenas
|
| 655 |
|
7 |
|a katalogy výstav
|7 fd132536
|2 czenas
|
| 655 |
|
9 |
|a exhibition catalogs
|2 eczenas
|
| 700 |
1 |
|
|a Blažková, Kateřina,
|d 1976 srpen 20.-
|7 mzk2005317884
|4 edt
|
| 700 |
1 |
|
|a Lomecká, Jana,
|d 1976-
|7 mzk2008486584
|4 edt
|
| 910 |
2 |
|
|a BOA001
|b 4-1218.550
|
| 990 |
|
|
|a BK
|
| 995 |
|
|
|a 01
|
| 991 |
|
|
|b 200903
|c NOV
|
| 996 |
6 |
|
|b 2610370073
|c 4-1218.550
|l MZK
|r Sklad / do 1 hodiny
|n 0
|p p.v.
|w 000927203
|u 000010
|a 1
|e BOA001
|j MZK50
|s P
|